| 000 | 00377nam a2200133Ia 4500 | ||
|---|---|---|---|
| 008 | 220217s9999 xx 000 0 und d | ||
| 245 | 0 | _aSpecification for bead wire for tyres. (First Revision) | |
| 260 | _aNew Delhi | ||
| 260 |
_c1973 _bISI |
||
| 490 | _aWrought steel products sec com,SMDC 5 | ||
| 500 | _aStandard number: IS 4824 | ||
| 650 | _aTyre bead wire | ||
| 942 | _cST | ||
| 999 |
_c73813 _d73813 |
||